Advanced interferometers and the search for gravitational waves (Record no. 19023)

MARC details
000 -LEADER
fixed length control field 00744nam a2200205Ia 4500
003 - CONTROL NUMBER IDENTIFIER
control field IN-BaIIA
008 - FIXED-LENGTH DATA ELEMENTS--GENERAL INFORMATION
fixed length control field 211028s9999 xx 000 0 eng d
020 ## - INTERNATIONAL STANDARD BOOK NUMBER
International Standard Book Number 978-3-319-03791-2
040 ## - CATALOGING SOURCE
Transcribing agency IIA Library
080 ## - UNIVERSAL DECIMAL CLASSIFICATION NUMBER
Universal Decimal Classification number 52(082.1)
Item number ASS-404
245 #0 - TITLE STATEMENT
Title Advanced interferometers and the search for gravitational waves
Remainder of title lectures from the first VESF school on advanced detectors for gravitational waves
Statement of responsibility, etc. edited by Massimo Bassan
260 ## - PUBLICATION, DISTRIBUTION, ETC.
Place of publication, distribution, etc. Cham
Name of publisher, distributor, etc. Springer
Date of publication, distribution, etc. 2014
300 ## - PHYSICAL DESCRIPTION
Extent xii, 387p.
490 ## - SERIES STATEMENT
Series statement Astrophysics and space science library; v. 404
650 ## - SUBJECT ADDED ENTRY--TOPICAL TERM
Topical term or geographic name entry element Gravitational waves
9 (RLIN) 3825
650 ## - SUBJECT ADDED ENTRY--TOPICAL TERM
Topical term or geographic name entry element Interferometers
9 (RLIN) 2643
650 ## - SUBJECT ADDED ENTRY--TOPICAL TERM
Topical term or geographic name entry element Science - Physics - Quantum theory
9 (RLIN) 36319
700 ## - ADDED ENTRY--PERSONAL NAME
Personal name Bassan, Massimo, ed.
9 (RLIN) 36320
942 ## - ADDED ENTRY ELEMENTS (KOHA)
Koha item type Books
Holdings
Withdrawn status Lost status Damaged status Not for loan Home library Current library Shelving location Date acquired Source of acquisition Cost, normal purchase price Total Checkouts Full call number Barcode Date last seen Cost, replacement price Price effective from Koha item type Purchase Price
        IIA Library-Bangalore IIA Library-Bangalore General Stacks 30/04/2015 ANJ 8142.00   52(082.1)/ ASS-404 19945 05/11/2021 8142.00 30/04/2015 Books Rs. 8142.00

Powered by Koha